000
002460000a22000970004500
100
1
_a
Slater, Lucía
245
1
0
_a
Una visión cristiana de arte
300
_a
Vol. 9, Núm 14 (2001), Páginas 51-58
773
0
_t
Textos para la acción
942
_c
ANA
999
_c
53153
_d
53153